[Event "Aeroflot Open 2012 B"]
[Site "Moscow"]
[Date "2012.02.09"]
[Round "3"]
[White "Antipov, Mikhail Al"]
[Black "Arun Prasad, S."]
[Result "1-0"]
[WhiteElo "2436"]
[BlackElo "2530"]
[PlyCount "153"]
[EventDate "2012.02.07"]
[EventType "swiss"]
[EventRounds "9"]
[EventCountry "RUS"]

1. e4 c6 2. d4 d5 3. e5 Bf5 4. Nd2 e6 5. Nb3 Nd7 6. Nf3 Ne7 7. Be2 Nc8 8. a4
Be7 9. O-O a6 10. Be3 O-O 11. c3 Qc7 12. Nfd2 f6 13. f4 Na7 14. Nf3 fxe5 15.
fxe5 Rae8 16. Rc1 Nc8 17. Nbd2 b5 18. b4 Ncb6 19. a5 Nc4 20. Nxc4 bxc4 21. h3
Bg6 22. Nd2 Nb8 23. g3 Bd8 24. h4 h6 25. h5 Bh7 26. Bf4 Rf7 27. Nf3 Ref8 28.
Qd2 Qd7 29. Qe3 Kh8 30. Rf2 Qe8 31. Ne1 Kg8 32. Ng2 Nd7 33. Rcf1 Bf5 34. Qd2
Be4 35. Ne3 Bh7 36. Ng2 Be4 37. Qe3 Bf5 38. Kh2 Be4 39. Ne1 Bh7 40. Kg2 Rf5 41.
g4 R5f7 42. g5 Be4+ 43. Kg3 Qe7 44. Kh2 hxg5 45. Bg3 Rxf2+ 46. Rxf2 Rxf2+ 47.
Qxf2 g6 48. hxg6 Nf8 49. Qf7+ Qxf7 50. gxf7+ Kxf7 51. Ng2 Ng6 52. Bh5 Kf8 53.
Bxg6 Bxg6 54. Ne3 Bh5 55. Kh3 Kf7 56. Ng4 Kg6 57. Ne3 Bf3 58. Ng4 Kf5 59. Nh6+
Kg6 60. Ng4 Be7 61. Bh2 Kf5 62. Nf6 Bxb4 63. Kg3 g4 64. cxb4 c3 65. Bg1 c2 66.
Be3 Be2 67. Bd2 Bb5 68. Bc1 Be2 69. Bh6 Bb5 70. Bc1 Be2 71. Bh6 Bb5 72. Bf4 Be2
73. Be3 Bf3 74. Kf2 Be4 75. Nd7 Bd3 76. Nc5 Bc4 77. Ke1 1-0

[Event "Aeroflot Open 2012 B"]
[Site "Moscow"]
[Date "2012.02.09"]
[Round "3"]
[White "Kabanov, Nikolai"]
[Black "Wan, Yunguo"]
[Result "0-1"]
[WhiteElo "2522"]
[BlackElo "2428"]
[PlyCount "68"]
[EventDate "2012.02.07"]
[EventType "swiss"]
[EventRounds "9"]
[EventCountry "RUS"]

1. e4 e6 2. d4 d5 3. e5 c5 4. c3 Nc6 5. Nf3 Bd7 6. Be2 Nge7 7. Na3 Ng6 8. h4
cxd4 9. cxd4 Bxa3 10. bxa3 Qa5+ 11. Kf1 Nge7 12. Rb1 Nd8 13. h5 h6 14. Bd3 Rc8
15. Rh4 Qa4 16. Qe2 b6 17. Rf4 Nb7 18. g4 Rc3 19. Kg2 Na5 20. Bb2 Rc8 21. g5
Nc4 22. gxh6 Rxh6 23. Ng5 Nxb2 24. Rxb2 Nf5 25. Bxf5 exf5 26. Qf3 Rc1 27. e6
fxe6 28. Rxf5 Qxd4 29. Rf8+ Ke7 30. Rb4 Qe5 31. Rf7+ Kd6 32. Rg4 Rxh5 33. Rxd7+
Kc6 34. Rg3 Rhh1 0-1

[Event "Aeroflot Open 2012 B"]
[Site "Moscow"]
[Date "2012.02.09"]
[Round "3"]
[White "Diermair, Andreas"]
[Black "Reshetnikov, Alexey"]
[Result "1/2-1/2"]
[WhiteElo "2429"]
[BlackElo "2514"]
[PlyCount "64"]
[EventDate "2012.02.07"]
[EventType "swiss"]
[EventRounds "9"]
[EventCountry "RUS"]

1. d4 d5 2. c4 c6 3. Nf3 Nf6 4. Nc3 a6 5. e3 e6 6. Qc2 Nbd7 7. Bd3 dxc4 8. Bxc4
b5 9. Bd3 c5 10. a4 b4 11. Ne4 Bb7 12. O-O cxd4 13. exd4 Be7 14. Bf4 Nxe4 15.
Bxe4 Rc8 16. Qe2 Bxe4 17. Qxe4 Qb6 18. Qd3 Qb7 19. Rfe1 Nb6 20. Be5 O-O 21. h4
Rfd8 22. h5 Nc4 23. Qe2 h6 24. Rac1 Qd5 25. Bf4 Bf6 26. b3 Na5 27. Rxc8 Rxc8
28. Qxa6 Ra8 29. Qb5 Qxb3 30. Bc7 Qd5 31. Qxb4 Nc6 32. Qb5 Nxd4 $11 1/2-1/2

[Event "Aeroflot Open 2012 B"]
[Site "Moscow"]
[Date "2012.02.09"]
[Round "3"]
[White "Lalith, Babu M.R"]
[Black "Debashis, Das"]
[Result "1-0"]
[WhiteElo "2484"]
[BlackElo "2389"]
[PlyCount "101"]
[EventDate "2012.02.07"]
[EventType "swiss"]
[EventRounds "9"]
[EventCountry "RUS"]

1. d4 d5 2. Nf3 Nf6 3. c4 c6 4. Nc3 e6 5. Bg5 h6 6. Bh4 dxc4 7. e4 g5 8. Bg3 b5
9. Be2 b4 10. Na4 Nxe4 11. Be5 Nf6 12. Bxc4 Nbd7 13. O-O g4 14. Nd2 Nxe5 15.
dxe5 Nd7 16. Re1 Qa5 17. Bb3 Nxe5 18. Ne4 Bg7 19. Qd6 Qd8 20. Qxb4 Qe7 21. Nd6+
Kf8 22. Rad1 Bd7 $11 23. Nc5 Be8 24. Qa5 Qd8 25. Qa4 Qg5 26. Bxe6 h5 27. Nce4
Qf4 28. Qb4 a5 29. Qb7 Rd8 30. Qc7 Ra8 31. Qb7 Rd8 32. Qb6 Ra8 33. Qc5 Kg8 34.
Bf5 Rh6 35. Nc8 Bf8 36. Ne7+ Bxe7 37. Qxe7 Qxf5 38. Ng3 Qf6 39. Qxe5 Qxe5 40.
Rxe5 f6 41. Rc5 a4 42. a3 Kf8 43. Ne4 Rb8 44. Rd2 Rb5 45. Rc4 Re5 46. f4 gxf3
47. gxf3 Rd5 48. Rcd4 Rf5 49. Kf2 Bf7 50. Rd8+ Kg7 51. Nd6 1-0

[Event "Aeroflot Open 2012 B"]
[Site "Moscow"]
[Date "2012.02.09"]
[Round "3"]
[White "Kanter, Eduard"]
[Black "Shyam, Nikil P"]
[Result "1/2-1/2"]
[WhiteElo "2414"]
[BlackElo "2482"]
[PlyCount "47"]
[EventDate "2012.02.07"]
[EventType "swiss"]
[EventRounds "9"]
[EventCountry "RUS"]

1. d4 Nf6 2. c4 e6 3. Nf3 d5 4. g3 Bb4+ 5. Nc3 c5 6. cxd5 Nxd5 7. Bd2 Nc6 8.
Nxd5 Bxd2+ 9. Qxd2 Qxd5 10. dxc5 Qxc5 11. Rc1 Qb6 12. Bg2 O-O 13. O-O Rd8 14.
Qc2 f6 15. Rfd1 e5 16. Rxd8+ Qxd8 17. Qb3+ Kf8 18. e3 Qe7 19. Nd2 Nd8 20. Ne4
Be6 21. Qa4 Bd7 22. Qd1 Rc8 23. Rxc8 Bxc8 24. Nc3 $11 1/2-1/2

[Event "Aeroflot Open 2012 B"]
[Site "Moscow"]
[Date "2012.02.09"]
[Round "3"]
[White "Sundararajan, Kidambi"]
[Black "Firat, Burak"]
[Result "1-0"]
[WhiteElo "2474"]
[BlackElo "2396"]
[PlyCount "83"]
[EventDate "2012.02.07"]
[EventType "swiss"]
[EventRounds "9"]
[EventCountry "RUS"]

1. c4 Nf6 2. g3 g6 3. Bg2 d5 4. cxd5 Nxd5 5. Nc3 Nxc3 6. bxc3 Bg7 7. Nf3 O-O 8.
O-O Nc6 9. Qc2 Qd7 10. Bb2 Re8 11. d4 e5 12. Rad1 exd4 13. Nxd4 Nxd4 14. cxd4
Qb5 15. Rd2 c6 16. Rb1 Qh5 17. d5 Bxb2 18. Rxb2 cxd5 19. Rxd5 Qh6 20. Rd4 Bf5
21. Qd2 Qxd2 22. Rdxd2 Rad8 23. Bxb7 Rxd2 24. Rxd2 Re5 25. Bd5 Be6 26. Bxe6
Rxe6 27. Kg2 Ra6 28. g4 Kg7 29. e3 Ra4 30. Kg3 g5 31. h3 Kg6 32. Rd6+ f6 33. f4
gxf4+ 34. exf4 Kg7 35. Rd7+ Kh6 36. Rd2 Kg7 37. f5 h5 38. Rd7+ Kh6 39. Rf7 hxg4
40. hxg4 Rxa2 41. Rxf6+ Kg7 42. Rc6 1-0

[Event "Aeroflot Open 2012 B"]
[Site "Moscow"]
[Date "2012.02.09"]
[Round "3"]
[White "Gomes, Mary Ann"]
[Black "Nguyen, Van Huy"]
[Result "1/2-1/2"]
[WhiteElo "2377"]
[BlackElo "2473"]
[PlyCount "120"]
[EventDate "2012.02.07"]
[EventType "swiss"]
[EventRounds "9"]
[EventCountry "RUS"]

1. Nf3 Nf6 2. c4 e6 3. g3 a6 4. Bg2 b5 5. b3 c5 6. O-O Bb7 7. Bb2 Be7 8. d3 O-O
9. e4 d6 10. Nbd2 Nc6 11. d4 cxd4 12. Nxd4 Nxd4 13. Bxd4 e5 14. Bc3 bxc4 15.
bxc4 Qd7 16. Qe2 Rfc8 17. Nb3 Rab8 18. Rfd1 Qe6 19. Na5 Ba8 20. Rd2 Bd8 21.
Rad1 Ne8 22. Bf1 Bb6 23. Nb3 h6 24. Bb2 a5 25. Ba3 a4 26. Na1 Bc5 27. Nc2 Nf6
28. Bg2 Rb6 29. Bxc5 Rxc5 30. Na3 Bb7 31. f3 Ba6 32. Bf1 Ne8 33. Rb2 Rxb2 34.
Qxb2 Qc8 35. Qb4 Qc6 36. Qb8 Kf8 37. Nb5 Ke7 38. Rb1 Nf6 39. Nc3 Qc8 40. Qxc8
Bxc8 41. Nxa4 Ra5 42. Nb6 Be6 43. Rb2 g5 44. g4 Ra3 45. Kf2 h5 46. h3 h4 47.
Be2 Nh7 48. Nd5+ Kd7 49. Bd1 Nf8 50. Ba4+ Kc8 51. Bb3 Ng6 52. Ke3 Kd7 53. Rc2
Kc6 54. Kd3 Kc5 55. Kc3 Ra7 56. Nb4 Nf4 57. Rh2 Ra3 58. Nc2 Ra8 59. Ne3 Ra7 60.
Nd1 Ra8 1/2-1/2

[Event "Aeroflot Open 2012 B"]
[Site "Moscow"]
[Date "2012.02.09"]
[Round "3"]
[White "Kalegin, Evgenij"]
[Black "Ankit, R. Rajpara"]
[Result "1/2-1/2"]
[WhiteElo "2462"]
[BlackElo "2349"]
[PlyCount "46"]
[EventDate "2012.02.07"]
[EventType "swiss"]
[EventRounds "9"]
[EventCountry "RUS"]

1. e4 c6 2. d4 d5 3. Nc3 dxe4 4. Nxe4 Bf5 5. Ng3 Bg6 6. h4 h6 7. Nf3 Nd7 8. h5
Bh7 9. Bd3 Bxd3 10. Qxd3 e6 11. Bd2 Ngf6 12. O-O-O Be7 13. Kb1 O-O 14. Qe2 Qb6
15. c4 Rad8 16. Ka1 Rfe8 17. Bc3 c5 18. Ne5 cxd4 19. Bxd4 Bc5 20. Nxd7 Nxd7 21.
Bc3 Bb4 22. Bxb4 Qxb4 23. a3 Qb6 1/2-1/2

[Event "Aeroflot Open 2012 B"]
[Site "Moscow"]
[Date "2012.02.09"]
[Round "3"]
[White "Munguntuul, Batkhuyag"]
[Black "Xu, Huahua"]
[Result "1-0"]
[WhiteElo "2452"]
[BlackElo "2134"]
[PlyCount "55"]
[EventDate "2012.02.07"]
[EventType "swiss"]
[EventRounds "9"]
[EventCountry "RUS"]

1. e4 c5 2. Nf3 d6 3. Nc3 Nf6 4. Bc4 Nc6 5. O-O Bg4 6. h3 Bh5 7. Re1 e5 8. g4
Bg6 9. d3 Be7 10. a4 Qd7 11. Nd5 Nxg4 12. hxg4 Qxg4+ 13. Kh2 Qh5+ 14. Kg3 f5
15. exf5 Bxf5 16. Ng5 Qxd1 17. Rxd1 Kd7 18. a5 h6 19. Ne4 Raf8 20. a6 b6 21.
Bb5 Bd8 22. Be3 Be6 23. c4 g5 24. b4 g4 25. bxc5 bxc5 26. Rab1 Bf5 27. Ba4 Bxe4
28. dxe4 1-0

[Event "Aeroflot Open 2012 B"]
[Site "Moscow"]
[Date "2012.02.09"]
[Round "3"]
[White "Guliyev, Namig"]
[Black "Zhai, Mo"]
[Result "0-1"]
[WhiteElo "2545"]
[BlackElo "2191"]
[PlyCount "86"]
[EventDate "2012.02.07"]
[EventType "swiss"]
[EventRounds "9"]
[EventCountry "RUS"]

1. e4 c5 2. Nf3 d6 3. d4 cxd4 4. Nxd4 Nf6 5. Nc3 a6 6. Be3 e6 7. f4 Qc7 8. g4
b5 9. g5 b4 10. Ncb5 axb5 11. gxf6 gxf6 12. Bxb5+ Bd7 13. Qd3 Qb7 14. f5 Ra5
15. Bxd7+ Nxd7 16. fxe6 Nc5 17. Qc4 Qxe4 18. exf7+ Kd7 19. O-O-O b3 20. Kb1 Be7
21. Rhe1 d5 22. Qc3 Rxa2 23. Nxb3 Na4 24. Bd4 Nxc3+ 25. Bxc3 Ra4 26. Rxe4 Rxe4
27. Rg1 Rf8 28. Rg7 Rh4 29. Nd4 Rh5 30. b4 Rc8 31. Kb2 Bf8 32. Rg2 Ke7 33. b5
Kxf7 34. Nc6 Bc5 35. Rg3 Bb6 36. Bd4 Rxc6 37. bxc6 Bxd4+ 38. Kb3 Be5 39. Rc3
Bc7 40. Rd3 Ke6 41. Kb4 Kd6 42. Rf3 Bd8 43. Kb5 Rxh2 0-1

[Event "Aeroflot Open 2012 B"]
[Site "Moscow"]
[Date "2012.02.09"]
[Round "3"]
[White "Tunik, Gennady"]
[Black "Rogozenco, Dorian"]
[Result "1/2-1/2"]
[WhiteElo "2406"]
[BlackElo "2539"]
[PlyCount "76"]
[EventDate "2012.02.07"]
[EventType "swiss"]
[EventRounds "9"]
[EventCountry "RUS"]

1. d4 Nf6 2. c4 e6 3. Nf3 d5 4. Nc3 dxc4 5. Qa4+ c6 6. Qxc4 b5 7. Qd3 a6 8. e4
c5 9. dxc5 Bxc5 10. e5 Ng4 11. Ne4 Bb4+ 12. Bd2 Bxd2+ 13. Qxd2 Qxd2+ 14. Kxd2
Nc6 15. a4 b4 16. Rc1 Ngxe5 17. Nxe5 Nxe5 18. f4 Ng6 19. g3 O-O 20. Bg2 Bb7 21.
Nf6+ gxf6 22. Bxb7 Ra7 23. Be4 f5 24. Bf3 Rd8+ 25. Ke3 Kf8 26. Rhd1 Rxd1 27.
Bxd1 Ke7 28. Bf3 a5 29. h3 Kd6 30. Rc6+ Kd7 31. Rc5 Ne7 32. g4 f6 33. Rb5 Kd6
34. Kd3 h6 35. Rb6+ Kd7 36. Rb5 Kd6 37. Rb6+ Kd7 38. Rb5 Kd6 1/2-1/2

[Event "Aeroflot Open 2012 B"]
[Site "Moscow"]
[Date "2012.02.09"]
[Round "3"]
[White "Grover, Sahaj"]
[Black "Gagarin, Vasilij"]
[Result "1-0"]
[WhiteElo "2532"]
[BlackElo "2417"]
[PlyCount "113"]
[EventDate "2012.02.07"]
[EventType "swiss"]
[EventRounds "9"]
[EventCountry "RUS"]

1. d4 d5 2. c4 c6 3. Nf3 Nf6 4. Nc3 e6 5. Bg5 h6 6. Bh4 dxc4 7. e4 g5 8. Bg3 b5
9. Be2 Bg7 10. e5 Nh5 11. a4 a6 12. Ne4 O-O 13. Nfxg5 Nxg3 14. hxg3 hxg5 15.
Bxc4 bxc4 16. Qh5 Re8 17. O-O-O Ra7 18. Qh7+ Kf8 19. Rh5 f5 20. exf6 Bxf6 21.
Qxa7 Nd7 22. Rdh1 Kg8 23. Nxf6+ Qxf6 24. Rh7 Qxf2 25. Rh8+ Kf7 26. Rxe8 Kxe8
27. Qc7 Qe3+ 28. Kb1 Qd3+ 29. Ka1 c3 30. Qxc8+ Ke7 31. Qxc6 cxb2+ 32. Kxb2
Qxd4+ 33. Kc2 Qf2+ 34. Kb1 Qb6+ 35. Qxb6 Nxb6 36. a5 Nc4 37. Rc1 Nxa5 38. Rc5
Nb3 39. Rxg5 Kf6 40. Rg8 Nd4 41. Kb2 e5 42. Kc3 Ne6 43. Kd3 Kf5 44. Ke3 Ng5 45.
Re8 a5 46. Ra8 Kg4 47. Rxa5 Kf5 48. g4+ Kf6 49. Ra6+ Kf7 50. Rb6 Kg7 51. Kd3
Kf7 52. Rc6 Kg7 53. Kc4 Kf7 54. Kd5 e4 55. Kd4 Kg7 56. Ke3 Kf7 57. Kf4 1-0

[Event "Aeroflot Open 2012 B"]
[Site "Moscow"]
[Date "2012.02.09"]
[Round "3"]
[White "Bogdanovich, Stanislav"]
[Black "Wang, Jue"]
[Result "1-0"]
[WhiteElo "2513"]
[BlackElo "2388"]
[PlyCount "149"]
[EventDate "2012.02.07"]
[EventType "swiss"]
[EventRounds "9"]
[EventCountry "RUS"]

1. d4 Nf6 2. c4 g6 3. Nf3 Bg7 4. g3 c5 5. Nc3 cxd4 6. Nxd4 Nc6 7. Nc2 O-O 8.
Bg2 d6 9. O-O Be6 10. b3 Qd7 11. Bb2 Bh3 12. f3 h5 13. e4 h4 14. Qd2 Bxg2 15.
Kxg2 h3+ 16. Kg1 Rac8 17. Ne3 Ne5 18. Rad1 Rfe8 19. Ne2 Qc6 20. Nf4 b5 21. Nxh3
bxc4 22. Bxe5 c3 23. Qxc3 Qxc3 24. Bxc3 Rxc3 25. Kf2 Rec8 26. Rfe1 a5 27. Nf4
Kf8 28. Ne2 R3c5 29. Rc1 Nd7 30. Rxc5 Nxc5 31. Rc1 Rb8 32. Nc2 Na6 33. Rb1 Rc8
34. Ne1 f5 35. Rc1 Bd4+ 36. Kg2 Rxc1 37. Nxc1 Nc5 38. exf5 gxf5 39. Ned3 e5 40.
Nxc5 Bxc5 41. Nd3 Bd4 42. a4 Bc3 43. Kf2 Kf7 44. Ke2 d5 45. Nf2 Bd4 46. Nd3 Bc3
47. h3 Kf6 48. g4 Kg5 49. f4+ exf4 50. gxf5 Kxf5 51. Kf3 Bd2 52. h4 d4 53. h5
Kg5 54. Ke4 f3 55. Kxf3 Kxh5 56. Ke4 Kg6 57. Kxd4 Kf6 58. Nc5 Ke7 59. Kc4 Kd6
60. Kb5 Kc7 61. Ne6+ Kb7 62. Nd8+ Kc7 63. Nc6 Kb7 64. Nxa5+ Kc7 65. b4 Be3 66.
Nc4 Bf2 67. Ka6 Kc6 68. Ne5+ Kd5 69. Nd3 Bd4 70. b5 Kc4 71. b6 Kxd3 72. Kb5 Be5
73. a5 Kd4 74. a6 Kd5 75. a7 1-0

[Event "Aeroflot Open 2012 B"]
[Site "Moscow"]
[Date "2012.02.09"]
[Round "3"]
[White "Obolenskikh, Dmitry"]
[Black "Illner, Achim"]
[Result "1-0"]
[WhiteElo "2510"]
[BlackElo "2375"]
[PlyCount "59"]
[EventDate "2012.02.07"]
[EventType "swiss"]
[EventRounds "9"]
[EventCountry "RUS"]

1. e4 e5 2. Nf3 Nf6 3. Nxe5 d6 4. Nf3 Nxe4 5. Nc3 Nxc3 6. dxc3 Be7 7. Be3 Nc6
8. Qd2 Be6 9. O-O-O Qd7 10. Kb1 O-O-O 11. Bb5 a6 12. Ba4 b5 13. Bb3 Bf6 14. Bg5
Bxg5 15. Qxg5 Bxb3 16. axb3 f5 17. c4 Rhe8 18. Rd5 bxc4 19. bxc4 Nb4 20. Ra5
Re2 21. Nd4 Re5 22. Ra3 Rde8 23. Qd2 c5 24. Rd1 Re4 25. c3 cxd4 26. cxb4 Qb7
27. f3 Re2 28. Qxd4 Qxb4 29. Rxa6 Rxg2 30. Rxd6 1-0

[Event "Aeroflot Open 2012 B"]
[Site "Moscow"]
[Date "2012.02.09"]
[Round "3"]
[White "Goryachkina, Aleksandra"]
[Black "Dobrov, Vladimir"]
[Result "0-1"]
[WhiteElo "2333"]
[BlackElo "2496"]
[PlyCount "88"]
[EventDate "2012.02.07"]
[EventType "swiss"]
[EventRounds "9"]
[EventCountry "RUS"]

1. d4 Nf6 2. c4 c5 3. d5 b5 4. cxb5 a6 5. b6 e6 6. Nc3 Bb7 7. e4 exd5 8. exd5
d6 9. a4 a5 10. Bb5+ Nbd7 11. Bg5 Be7 12. Bxf6 Bxf6 13. Qg4 h5 14. Qf5 g6 15.
Qh3 Ke7 16. Nge2 Nxb6 17. O-O Kf8 18. Rad1 Kg7 19. Qd3 Bc8 20. Qd2 Bd7 21. Bxd7
Nxd7 22. Ne4 Rb8 23. Nxf6 Qxf6 24. Qxa5 Rxb2 25. Ng3 Rb4 26. Qc7 Ne5 27. f3 h4
28. Ne4 Qf4 29. h3 Rxa4 30. Kh1 Nd3 31. Qxd6 Qxd6 32. Nxd6 Rd4 33. Rd2 Rd8 34.
Nb5 R4xd5 35. Nc3 R5d7 36. Ne4 f5 37. Nf2 Nb4 38. Rb2 Rd2 39. Rfb1 Kh6 40. Kg1
Kg5 41. Kf1 Nc2 42. Rb5 Na3 43. Rxc5 Nxb1 44. Ne4+ Kf4 0-1

[Event "Aeroflot Open 2012 B"]
[Site "Moscow"]
[Date "2012.02.09"]
[Round "3"]
[White "Atalik, Ekaterina"]
[Black "Munkhgal, Gombosuren"]
[Result "1/2-1/2"]
[WhiteElo "2481"]
[BlackElo "2340"]
[PlyCount "158"]
[EventDate "2012.02.07"]
[EventType "swiss"]
[EventRounds "9"]
[EventCountry "RUS"]

1. d4 Nf6 2. c4 e6 3. Nf3 d5 4. Nc3 Bb4 5. cxd5 exd5 6. Bg5 Nbd7 7. Qc2 c5 8.
e3 Qa5 9. Bd3 c4 10. Be2 Ne4 11. O-O Bxc3 12. bxc3 Nxc3 13. e4 dxe4 14. Bxc4
O-O 15. Bd2 exf3 16. Bxc3 Qh5 17. Rfe1 Nb6 18. Bd3 Be6 19. gxf3 Rac8 20. Re5
Qh4 21. Be4 Nc4 22. Rc5 Nd6 23. Bb4 b6 24. Rxc8 Rxc8 25. Qd3 Qg5+ 26. Kh1 Bh3
27. f4 Nxe4 28. Qxe4 Qb5 29. Bd2 Re8 30. Qf3 Bf5 31. Kg1 Be4 32. Qc3 h6 33. Re1
Re6 34. f3 Bd5 35. Qc8+ Kh7 36. Qc2+ Rg6+ 37. Kf2 Be6 38. Re5 Qd7 39. Qe4 Bh3
40. d5 Qb5 41. Ke3 f5 42. Qd3 Qc5+ 43. Qd4 Qa3+ 44. Qd3 Qxa2 45. Re7 Bf1 46.
Qxf5 Qa3+ 47. Kf2 Qxe7 48. Kxf1 Qf6 49. Qe4 Qf7 50. Bb4 a5 51. Be7 Kg8 52. f5
Rf6 53. Bxf6 Qxf6 54. Ke2 Qb2+ 55. Ke3 Qc3+ 56. Kf4 Qc7+ 57. Ke3 Qc3+ 58. Kf4
Qc1+ 59. Ke5 Qc5 60. Ke6 Qc7 61. d6 Qf7+ 62. Ke5 Qd7 63. Qd5+ Kf8 64. Qe6 Qb5+
65. Kf4 Qa4+ 66. Ke3 Qe8 67. Kd4 Qa4+ 68. Kd5 Qb5+ 69. Kd4 Qa4+ 70. Ke3 Qe8 71.
f4 a4 72. Kd4 a3 73. Kc3 Qxe6 74. fxe6 b5 75. f5 b4+ 76. Kb3 Ke8 77. h4 h5 78.
d7+ Ke7 79. Ka2 Kd8 1/2-1/2

[Event "Aeroflot Open 2012 B"]
[Site "Moscow"]
[Date "2012.02.09"]
[Round "3"]
[White "Mozharov, Mikhail"]
[Black "Zenzera, Alexey"]
[Result "1-0"]
[WhiteElo "2478"]
[BlackElo "2337"]
[PlyCount "99"]
[EventDate "2012.02.07"]
[EventType "swiss"]
[EventRounds "9"]
[EventCountry "RUS"]

1. d4 Nf6 2. c4 e6 3. Nc3 Bb4 4. Qc2 O-O 5. e4 d6 6. Bd3 Nc6 7. Nge2 Ba5 8. Bg5
h6 9. Bh4 e5 10. O-O-O Nxd4 11. Nxd4 exd4 12. Nd5 g5 13. Bg3 Nxd5 14. exd5 Qf6
15. f4 c6 16. fxg5 Qxg5+ 17. Kb1 cxd5 18. Bxd6 dxc4 19. Bh7+ Kg7 20. Bxf8+ Kxf8
21. Rxd4 Be6 22. Rf1 Bb6 23. Rdd1 Rd8 24. Rxd8+ Bxd8 25. Bf5 Bd5 26. Rd1 Bxg2
27. Be4 Bxe4 28. Qxe4 Bf6 29. Qxc4 b5 30. Qd5 Qg6+ 31. Ka1 a6 32. Qc5+ Be7 33.
Qc1 Bg5 34. Qc8+ Kg7 35. Rg1 Qh5 36. Qc7 Qh4 37. Qc3+ Kg8 38. Rf1 Qe4 39. Rg1
Qh4 40. Qg3 Kf8 41. Qxh4 Bxh4 42. Kb1 a5 43. Rd1 b4 44. Rd5 a4 45. Ra5 Be7 46.
Rxa4 Kg7 47. Ra6 f6 48. Ra7 Kf7 49. Kc2 Ke6 50. Kd3 1-0

[Event "Aeroflot Open 2012 B"]
[Site "Moscow"]
[Date "2012.02.09"]
[Round "3"]
[White "Mohota, Nisha"]
[Black "Pavlov, Sergey"]
[Result "1/2-1/2"]
[WhiteElo "2323"]
[BlackElo "2477"]
[PlyCount "51"]
[EventDate "2012.02.07"]
[EventType "swiss"]
[EventRounds "9"]
[EventCountry "RUS"]

1. d4 d6 2. Nf3 g6 3. g3 Bg7 4. Bg2 Nf6 5. O-O O-O 6. a4 a5 7. Re1 Ne4 8. Nbd2
Nxd2 9. Qxd2 Nc6 10. d5 Nb4 11. c3 Na6 12. Qc2 Bd7 13. e4 c6 14. Be3 Qc7 15.
Bd4 f6 16. c4 e5 17. dxe6 Bxe6 18. b3 Rad8 19. Bc3 Nc5 20. Nd4 Bf7 21. Qd2 b6
22. Rad1 Rfe8 23. Qc2 Na6 24. Qd2 Nc5 25. Qc2 Na6 26. Qd2 1/2-1/2

[Event "Aeroflot Open 2012 B"]
[Site "Moscow"]
[Date "2012.02.09"]
[Round "3"]
[White "Le, Quang Long"]
[Black "Karpatchev, Aleksandr"]
[Result "1/2-1/2"]
[WhiteElo "2316"]
[BlackElo "2466"]
[PlyCount "160"]
[EventDate "2012.02.07"]
[EventType "swiss"]
[EventRounds "9"]
[EventCountry "RUS"]

1. c4 e5 2. Nc3 Nf6 3. Nf3 Nc6 4. g3 d5 5. cxd5 Nxd5 6. Bg2 Nb6 7. O-O Be7 8.
a3 O-O 9. b4 Be6 10. Rb1 f6 11. d3 a5 12. b5 Nd4 13. Nd2 Qc8 14. e3 Nf5 15. Qc2
Rd8 16. Rd1 Nh6 17. Bb2 Nf7 18. Ne2 Bg4 19. Re1 Qd7 20. d4 Qxb5 21. Nc3 Qd7 22.
Bxb7 Rab8 23. Bg2 exd4 24. exd4 Bf8 25. Nce4 Bf5 26. Bc3 a4 27. Bb4 Qxd4 28.
Bxf8 Rxf8 29. Qxc7 Nd7 30. Rxb8 Rxb8 31. Nf3 Qb6 32. Qf4 Be6 33. Nc3 Nfe5 34.
Nxa4 Qa5 35. Ra1 h6 36. Nd4 Bf7 37. Nf5 Bb3 38. Nb2 Be6 39. Nd4 Bf7 40. Qc1 Qb6
41. Qc3 Qxb2 42. Qxb2 Rxb2 43. a4 Nc5 44. a5 Ra2 45. Rxa2 Bxa2 46. f4 Ned3 47.
Bc6 Bc4 48. Kg2 Nb4 49. Bf3 Bd5 50. Bxd5+ Nxd5 51. Kf3 Nc7 52. Kg4 Kf7 53. f5
Nb7 54. Nc6 Ke8 55. Kh5 Kf8 56. Kg6 Nc5 57. Nd4 Kg8 58. h4 Nd5 59. Kh5 Kf7 60.
Ne6 Na6 61. g4 Ne3 62. Nd8+ Kg8 63. g5 Nxf5 64. gxf6 Kh7 65. fxg7 Nxg7+ 66. Kg4
Kg6 67. Nc6 Kf6 68. Nd4 Nc5 69. Nc6 h5+ 70. Kh3 Nge6 71. Nb4 Nc7 72. Nc6 Nd5
73. Kg3 Kf5 74. Nb8 Nb4 75. Kf3 Ke5 76. Ke3 Kd6 77. Kf4 Ne6+ 78. Kf5 Nd5 79. a6
Ne7+ 80. Kf6 Nc8 1/2-1/2

[Event "Aeroflot Open 2012 B"]
[Site "Moscow"]
[Date "2012.02.09"]
[Round "3"]
[White "Arslanov, Shamil"]
[Black "Pratyusha, Bodda"]
[Result "1-0"]
[WhiteElo "2424"]
[BlackElo "2142"]
[PlyCount "97"]
[EventDate "2012.02.07"]
[EventType "swiss"]
[EventRounds "9"]
[EventCountry "RUS"]

1. e4 e5 2. Nf3 Nc6 3. Bb5 a6 4. Bxc6 dxc6 5. O-O Bd6 6. c3 Ne7 7. d4 f6 8. Qb3
Qd7 9. Nbd2 Qe6 10. Nc4 b5 11. Na5 Qxb3 12. axb3 exd4 13. cxd4 Bg4 14. Be3 f5
15. e5 Bb4 16. Ng5 h6 17. Ne6 Kd7 18. Nf4 Kc8 19. f3 g5 20. Nd3 Bxa5 21. Rxa5
f4 22. Bf2 Bh5 23. Nc5 Rd8 24. Rfa1 Bf7 25. Rxa6 Rxa6 26. Rxa6 Kb8 27. e6 Bg8
28. g3 Rd6 29. d5 Nc8 30. Nd7+ Kb7 31. Nc5+ Kb8 32. Nd7+ Kb7 33. Nc5+ Kb8 34.
Rxc6 Rxc6 35. dxc6 Ne7 36. gxf4 gxf4 37. Bh4 Nxc6 38. Bf6 Kc8 39. Kg2 Nb4 40.
Kh3 Nd5 41. Bg7 Kd8 42. Kg4 Ke7 43. Kf5 Kd6 44. Bf8+ Ne7+ 45. Bxe7+ Kxe7 46. b4
c6 47. Kg6 Bxe6 48. Nxe6 Kxe6 49. Kxh6 1-0

[Event "Aeroflot Open 2012 B"]
[Site "Moscow"]
[Date "2012.02.09"]
[Round "3"]
[White "Tari, Aryan"]
[Black "Rychagov, Andrey"]
[Result "0-1"]
[WhiteElo "2206"]
[BlackElo "2542"]
[PlyCount "160"]
[EventDate "2012.02.07"]
[EventType "swiss"]
[EventRounds "9"]
[EventCountry "RUS"]

1. Nf3 f5 2. g3 Nf6 3. Bg2 g6 4. O-O Bg7 5. d4 O-O 6. c4 d6 7. Nc3 Qe8 8. d5 a5
9. Nd4 Na6 10. b3 Bd7 11. Bb2 Nc5 12. a3 c6 13. b4 Nce4 14. Qd3 Qf7 15. Nb3
axb4 16. axb4 cxd5 17. cxd5 Nxd5 18. Nxd5 Bxb2 19. Rab1 Ra2 20. Nd2 Ra3 21. Qc2
Nxd2 22. Qxd2 Be5 23. b5 e6 24. Nb6 d5 25. Nxd7 Qxd7 26. e4 fxe4 27. Bxe4 Bc3
28. Qd3 Qg7 29. Bg2 Qd4 30. Qe2 Qb6 31. Kh1 Bd4 32. f4 Be3 33. Rbd1 Rc8 34. Rd3
Rcc3 35. Rxc3 Rxc3 36. Rd1 Qc5 37. Qg4 Kf7 38. Qh4 Kg7 39. Rf1 Qc7 40. Qg4 Qf7
41. Bh3 Qf5 42. Qg5 Qxg5 43. fxg5 d4 44. Bxe6 Rc7 45. h4 d3 46. Kg2 d2 47. Rd1
Rc1 48. Bb3 h6 49. gxh6+ Kxh6 50. Kf3 Rc3 51. Bd5 b6 52. Ke2 Kg7 53. Rf1 g5 54.
h5 g4 55. Be6 Bg5 56. Bxg4 Rxg3 57. Bf3 Kh6 58. Rh1 Bf4 59. Rf1 Rg7 60. Be4 Rd7
61. Bg6 Bg5 62. Kd1 Rc7 63. Ke2 Rc5 64. Bd3 Rc1 65. Rd1 Kxh5 66. Be4 Kg4 67.
Bc6 Kf5 68. Bd7+ Ke4 69. Be8 Kd4 70. Bc6 Kc3 71. Bd5 Bh4 72. Bc6 Be1 73. Be4
Kd4 74. Bc6 Rc3 75. Bd7 Re3+ 76. Kf1 Re5 77. Ra1 Bg3 78. Ra4+ Kc5 79. Bg4 Re1+
80. Kg2 Be5 0-1

[Event "Aeroflot Open 2012 B"]
[Site "Moscow"]
[Date "2012.02.09"]
[Round "3"]
[White "Szabo, Bence"]
[Black "Petrosian, Davit G"]
[Result "0-1"]
[WhiteElo "2330"]
[BlackElo "2476"]
[PlyCount "70"]
[EventDate "2012.02.07"]
[EventType "swiss"]
[EventRounds "9"]
[EventCountry "RUS"]

1. d4 Nf6 2. c4 g6 3. Nc3 Bg7 4. e4 d6 5. Nf3 O-O 6. h3 e5 7. d5 Nh5 8. g3 f5
9. exf5 gxf5 10. Ng5 Nf6 11. Bg2 Na6 12. O-O e4 13. h4 Nc5 14. Ne2 Ng4 15. Rb1
c6 16. Nf4 h6 17. Ngh3 a5 18. b3 Re8 19. Be3 Be5 20. Qe2 Qf6 21. Rbd1 Na6 22.
Bc1 a4 23. h5 axb3 24. axb3 Nb4 25. dxc6 bxc6 26. Ng6 Bc3 27. Bd2 Ra2 28. Bxc3
Qxc3 29. Qe1 Qxe1 30. Rfxe1 d5 31. f3 Nf6 32. Ngf4 e3 33. Kh1 d4 34. c5 Ba6 35.
Ng1 d3 0-1